Catálogo

El Pastor de Nochebuena / (Registro nro. 41817)

Detalles MARC
000 -LEADER
fixed length control field 01261nam a2200349 a 4500
001 - CONTROL NUMBER
control field 41817
003 - CONTROL NUMBER IDENTIFIER
control field Mx-PuUPA
005 - DATE AND TIME OF LATEST TRANSACTION
control field 20250813090508.0
008 - FIXED-LENGTH DATA ELEMENTS--GENERAL INFORMATION
fixed length control field 140415s2001 a gr 001 0 spa d
017 ## - COPYRIGHT OR LEGAL DEPOSIT NUMBER
Copyright or legal deposit number NA 2251-2001
020 ## - INTERNATIONAL STANDARD BOOK NUMBER
International Standard Book Number 8493144959
040 ## - CATALOGING SOURCE
Transcribing agency Mx-PuUPA
Original cataloging agency Mx-PuUPA
Language of cataloging spa
Modifying agency Mx-PuUPA
Description conventions rda
041 0# - LANGUAGE CODE
Language code of text/sound track or separate title spa
100 1# - MAIN ENTRY--PERSONAL NAME
Personal name Palafox y Mendoza, Juan de,
Dates associated with a name 1600-1659
9 (RLIN) 6103
Relator term autor
245 13 - TITLE STATEMENT
Title El Pastor de Nochebuena /
Statement of responsibility, etc. Juan de Palafox y Mendoza ; edición, estudio y notas de Miguel Zugasti
264 #1 - PRODUCTION, PUBLICATION, DISTRIBUTION, MANUFACTURE, AND COPYRIGHT NOTICE
Place of production, publication, distribution, manufacture Navarra, España :
Name of producer, publisher, distributor, manufacturer Asociación de Amigos del Monasterio de Fitero,
Date of production, publication, distribution, manufacture, or copyright notice ©2001
300 ## - PHYSICAL DESCRIPTION
Extent 301 páginas :
Other physical details ilustraciones (blanco y negro) ;
Dimensions 24 cm
336 ## - CONTENT TYPE
Fuente rdacontent
Content type term texto
Content type code txt
337 ## - MEDIA TYPE
Source rdamedia
Media type term sin medio
Media type code n
338 ## - CARRIER TYPE
Source rdacarrier
Carrier type term volumen
Carrier type code nc
600 14 - SUBJECT ADDED ENTRY--PERSONAL NAME
Source of heading or term armarc
Personal name Palafox y Mendoza, Juan de
650 #7 - SUBJECT ADDED ENTRY--TOPICAL TERM
Source of heading or term armarc
Topical term or geographic name entry element Ascetismo
General subdivision Historia
650 #7 - SUBJECT ADDED ENTRY--TOPICAL TERM
Source of heading or term armarc
Topical term or geographic name entry element Misticismo
650 #7 - SUBJECT ADDED ENTRY--TOPICAL TERM
Source of heading or term armarc
Topical term or geographic name entry element Vicios
650 #7 - SUBJECT ADDED ENTRY--TOPICAL TERM
Source of heading or term armarc
Topical term or geographic name entry element Virtudes
650 #7 - SUBJECT ADDED ENTRY--TOPICAL TERM
Source of heading or term armarc
Topical term or geographic name entry element Teología pastoral
Chronological subdivision Siglo XVII
700 1# - ADDED ENTRY--PERSONAL NAME
Personal name Zugsati, Miguel,
Relator term editor
-- autor de estudio
-- autor de notas
942 ## - ADDED ENTRY ELEMENTS (KOHA)
Source of classification or shelving scheme Dewey Decimal Classification
Koha item type Libro
Classification part 241.4
Item part P53
Existencias
Withdrawn status Lost status Source of classification or shelving scheme Damaged status Not for loan Collection code Home library Current library Shelving location Date acquired Source of acquisition Cost, normal purchase price Total Checkouts Full call number Barcode Date last seen Cost, replacement price Price effective from Koha item type
    Dewey Decimal Classification     General Biblioteca Karol Wojtyla Biblioteca Karol Wojtyla Sala general 03/12/2013 Donación 0.00   241.4 P53 2001 63047 05/01/2026 0.00 03/12/2013 Libro